[Event "Quebec op U2000"]
[Site "Longueuil"]
[Date "2018.07.24"]
[Round "5.33"]
[White "Messier, David"]
[Black "Mangahas, Ronald"]
[Result "0-1"]
[WhiteElo "1826"]
[BlackElo "1890"]
[PlyCount "116"]
[EventDate "2018.07.21"]
[EventType "swiss"]
[EventRounds "9"]
[EventCountry "CAN"]
[SourceTitle "EXT 2022"]
[Source "ChessBase"]
[SourceDate "2021.10.06"]
[SourceVersion "1"]
[SourceVersionDate "2021.10.06"]
[SourceQuality "1"]

1. e4 c5 2. Nf3 d6 3. c3 Nf6 4. d3 e6 5. Be2 Be7 6. 0-0 0-0 7. Nbd2 Nbd7 8. d4 a6 9. a4 b6 10. e5 dxe5 11. dxe5 Nd5 12. Re1 Qc7 13. Nc4 Bb7 14. Bd3 Rfd8 15. Ng5 Nf8 16. Qh5 Bxg5 17. Bxg5 Rd7 18. Be4 Bc6 19. Qf3 Ng6 20. h4 h6 21. h5 Nf8 22. Bh4 Rc8 23. Nd6 f5 24. Bxd5 Bxd5 25. Qg3 Rb8 26. Rac1 b5 27. b4 bxa4 28. c4 Bc6 29. bxc5 Rb3 30. Re3 Qb8 31. Ra1 Qb4 32. Rxb3 axb3 33. Rb1 Ba4 34. c6 Bxc6 35. Rxb3 Qe1+ 36. Kh2 Qd1 37. Ne8 f4 38. Nf6+ Kh8 39. Qxf4 Qxb3 40. Nxd7 Nxd7 41. Qf7 Qxc4 42. Qe8+ Kh7 43. Qg6+ Kg8 44. Bf6 Nxf6 45. exf6 Qf4+ 46. Kg1 Qxf6 47. Qc2 Qa1+ 48. Kh2 Qe5+ 49. Kg1 Qd5 50. f3 e5 51. Qf5 e4 52. Qc8+ Kh7 53. Qg4 exf3 54. Qg6+ Kg8 55. Qg4 fxg2 56. Qe2 Qd4+ 57. Qf2 Qd1+ 58. Kh2 Qh1+ 0-1

[Event "Quebec op U2000"]
[Site "Longueuil"]
[Date "2018.07.23"]
[Round "4.29"]
[White "Mangahas, Ronald"]
[Black "Richard, Leo"]
[Result "0-1"]
[WhiteElo "1890"]
[BlackElo "1915"]
[PlyCount "78"]
[EventDate "2018.07.21"]
[EventType "swiss"]
[EventRounds "9"]
[EventCountry "CAN"]
[SourceTitle "EXT 2022"]
[Source "ChessBase"]
[SourceDate "2021.10.06"]
[SourceVersion "1"]
[SourceVersionDate "2021.10.06"]
[SourceQuality "1"]

1. e4 e5 2. Nf3 Nc6 3. d4 exd4 4. Nxd4 Nf6 5. Nc3 Bb4 6. Nxc6 bxc6 7. Bd3 d5 8. exd5 cxd5 9. 0-0 0-0 10. Bg5 c6 11. Qf3 Be7 12. Rfe1 h6 13. Bd2 Bd6 14. h3 Rb8 15. b3 Nd7 16. Bf4 Qc7 17. Bxd6 Qxd6 18. Rad1 Nc5 19. Bf1 Qg6 20. Rd2 Bf5 21. Ne2 Ne4 22. Rd4 Ng5 23. Qg3 Bxc2 24. Nf4 Qf6 25. Ra4 Rb7 26. Ra6 Ne4 27. Nh5 Qd4 28. Qf4 Rb6 29. Ra4 Rb4 30. Rxb4 Qxb4 31. Qc1 d4 32. f3 Nc5 33. Qxc2 Qxe1 34. Qxc5 Rd8 35. Qf5 d3 36. Qg4 Qa1 37. Kf2 d2 38. Be2 Qe1+ 39. Ke3 d1N+ 0-1

[Event "Quebec op U2000"]
[Site "Longueuil"]
[Date "2018.07.22"]
[Round "3.26"]
[White "Craciun, David"]
[Black "Mangahas, Ronald"]
[Result "1-0"]
[WhiteElo "1879"]
[BlackElo "1890"]
[PlyCount "113"]
[EventDate "2018.07.21"]
[EventType "swiss"]
[EventRounds "9"]
[EventCountry "CAN"]
[SourceTitle "EXT 2022"]
[Source "ChessBase"]
[SourceDate "2021.10.06"]
[SourceVersion "1"]
[SourceVersionDate "2021.10.06"]
[SourceQuality "1"]

1. d4 Nf6 2. Bf4 g6 3. Nc3 Bg7 4. e4 d6 5. Nf3 0-0 6. Qd2 c5 7. d5 a6 8. a4 Nbd7 9. Be2 Ng4 10. 0-0 Qa5 11. h3 Nge5 12. Nxe5 Nxe5 13. Bg5 f6 14. Bh4 Qb4 15. f4 Nc4 16. Qc1 Bd7 17. Na2 Qxb2 18. Qxb2 Nxb2 19. Rab1 Nxa4 20. Rxb7 Rfd8 21. Rfb1 Kf7 22. Be1 Ke8 23. Ba5 Rdc8 24. c4 f5 25. Bd1 fxe4 26. Rxd7 Nb2 27. Rb7 Nxc4 28. Ba4+ Kf8 29. Bc7 Bd4+ 30. Kh2 Nb2 31. Bc2 e3 32. Nc1 Nc4 33. Ne2 Na3 34. Rc1 Rxc7 35. Rxc7 Bb2 36. Bd3 Bxc1 37. Nxc1 Rb8 38. Bxa6 Rb1 39. Ne2 Rb2 40. Rb7 Rd2 41. Rb3 Nc2 42. Bc4 Kf7 43. Rb2 Na3 44. Rxd2 exd2 45. Bb3 c4 46. Bd1 e6 47. dxe6+ Kxe6 48. Kg3 Kd5 49. Kf3 Kc5 50. Ke3 Nb1 51. g4 d5 52. f5 gxf5 53. gxf5 Kd6 54. Kd4 c3 55. Ng3 Na3 56. Kxc3 Ke5 57. Kxd2 1-0

[Event "Quebec-ch Senior"]
[Site "Montreal"]
[Date "2018.04.22"]
[Round "5.4"]
[White "Mangahas, Ronald"]
[Black "Alcantara, Maximo Jr"]
[Result "1/2-1/2"]
[WhiteElo "1938"]
[BlackElo "1746"]
[PlyCount "128"]
[EventDate "2018.04.20"]
[EventType "swiss"]
[EventRounds "5"]
[EventCountry "CAN"]
[SourceTitle "EXT 2022"]
[Source "ChessBase"]
[SourceDate "2021.10.06"]
[SourceVersion "1"]
[SourceVersionDate "2021.10.06"]
[SourceQuality "1"]

1. e4 c6 2. d4 d5 3. Nc3 e6 4. Nf3 a6 5. Bd3 g6 6. 0-0 Bg7 7. exd5 cxd5 8. Re1 Ne7 9. Ne2 b5 10. c3 0-0 11. Ng3 Nbc6 12. Bf4 Bd7 13. Qd2 Rc8 14. Bh6 Na5 15. Bxg7 Kxg7 16. Ne5 Nc4 17. Qe2 Nxe5 18. Qxe5+ f6 19. Qf4 Qc7 20. Qh4 Rh8 21. Re3 h5 22. Rae1 Qd6 23. Rf3 Rcf8 24. Bc2 a5 25. Nf1 g5 26. Qg3 Qxg3 27. Rxg3 h4 28. Rge3 Kf7 29. Nd2 a4 30. b3 Rc8 31. Bd3 g4 32. c4 dxc4 33. bxc4 b4 34. d5 e5 35. Ne4 Rb8 36. c5 Nxd5 37. Bc4 Be6 38. Rd3 Nc7 39. Rd7+ Kf8 40. Bxe6 Nxe6 41. Nxf6 b3 42. axb3 Rxb3 43. c6 Rc3 44. Ra7 Rxc6 45. Rxa4 h3 46. Nd7+ Kg7 47. Rxg4+ Kh7 48. gxh3 Nd4 49. Re3 Rd8 50. Nxe5 Rc1+ 51. Kg2 Nc2 52. Rb3 Ne1+ 53. Kg3 Rc7 54. Rb6 Rc3+ 55. Kh4 Nf3+ 56. Nxf3 Rxf3 57. Rb7+ Kh8 58. Rbb4 Rxf2 59. Rbf4 Rxh2 60. Kg3 Rdd2 61. Rh4+ Kg7 62. Rhg4+ Kh8 63. Rh4+ Kg7 64. Rhg4+ Kh8 1/2-1/2

[Event "Transcontinental hivernal ABCDE"]
[Site "Montreal"]
[Date "2018.02.23"]
[Round "1"]
[White "Mangahas, Ronald"]
[Black "Mercure, Gilbert"]
[Result "0-1"]
[WhiteElo "1873"]
[BlackElo "1950"]
[PlyCount "66"]
[EventDate "2018.02.23"]
[EventType "swiss"]
[EventRounds "5"]
[EventCountry "CAN"]
[SourceTitle "EXT 2022"]
[Source "ChessBase"]
[SourceDate "2021.10.06"]
[SourceVersion "1"]
[SourceVersionDate "2021.10.06"]
[SourceQuality "1"]

1. e4 d5 2. exd5 Nf6 3. d4 Nxd5 4. c4 Nb6 5. Nc3 e5 6. d5 c6 7. Be3 Bb4 8. d6 Be6 9. Nf3 N8d7 10. Bd3 Bxc3+ 11. bxc3 Nxc4 12. Bg5 f6 13. Bc1 Nc5 14. Bc2 Qa5 15. 0-0 Qxc3 16. Rb1 0-0-0 17. Bb3 Rxd6 18. Qe2 Qd3 19. Qxd3 Rxd3 20. Bd1 Rhd8 21. Be2 R3d7 22. h3 Nd3 23. Rd1 e4 24. Ne1 Nxc1 25. Rdxc1 Na3 26. Rb4 Rd2 27. Rxe4 Bd5 28. Re7 g6 29. Nd3 Rd7 30. Re8+ Kc7 31. Nc5 Bf7 32. Re3 Nc2 33. Nxd7 Nxe3 0-1

[Event "Quebec op U2000"]
[Site "Montreal"]
[Date "2016.07.23"]
[Round "1.47"]
[White "Guan, Zi Yu"]
[Black "Mangahas, Ronald"]
[Result "0-1"]
[WhiteElo "1637"]
[BlackElo "1840"]
[PlyCount "82"]
[EventDate "2016.07.23"]
[EventType "swiss"]
[EventRounds "8"]
[EventCountry "CAN"]
[SourceTitle "EXT 2022"]
[Source "ChessBase"]
[SourceDate "2021.10.06"]
[SourceVersion "1"]
[SourceVersionDate "2021.10.06"]
[SourceQuality "1"]

1. e4 c5 2. Nf3 d6 3. d4 cxd4 4. Nxd4 Nf6 5. Nc3 a6 6. Be2 e5 7. Nb3 Be7 8. Be3 Qc7 9. Qd2 b5 10. a3 Bb7 11. f3 Nbd7 12. 0-0 Rc8 13. Rac1 0-0 14. Bd3 Nb6 15. Bxb6 Qxb6+ 16. Rf2 h6 17. g3 d5 18. exd5 Nxd5 19. Nxd5 Bxd5 20. Bh7+ Kxh7 21. Qxd5 Kg8 22. Kg2 Rfd8 23. Qe4 Rc4 24. Qe2 Bf6 25. Nd2 Rcd4 26. Ne4 Be7 27. c3 R4d5 28. Rff1 f5 29. Nf2 Rd2 30. Qxe5 Bc5 31. Qe1 Rxb2 32. Rb1 Rdd2 33. Rxb2 Rxb2 34. Qa1 Re2 35. a4 Bxf2 36. Qd1 Qe3 37. Qd5+ Kf8 38. Qxf5+ Ke7 39. Rd1 Bg1+ 40. Kh3 Rxh2+ 41. Kg4 h5+ 0-1

[Event "Quebec-ch Amateur U2000"]
[Site "Montreal"]
[Date "2014.10.13"]
[Round "6"]
[White "Ouellet, Maili Jade"]
[Black "Mangahas, Ronald"]
[Result "1-0"]
[WhiteElo "1879"]
[BlackElo "1871"]
[PlyCount "77"]
[EventDate "2014.10.10"]
[EventType "swiss"]
[EventRounds "7"]
[EventCountry "CAN"]
[SourceTitle "EXT 2022"]
[Source "ChessBase"]
[SourceDate "2021.10.06"]
[SourceVersion "1"]
[SourceVersionDate "2021.10.06"]
[SourceQuality "1"]

1. d4 Nf6 2. c4 g6 3. Nc3 Bg7 4. e4 d6 5. f4 0-0 6. Nf3 c5 7. d5 e6 8. Be2 exd5 9. cxd5 Re8 10. Nd2 a6 11. a4 Ng4 12. Bxg4 Qh4+ 13. g3 Qxg4 14. Qxg4 Bxg4 15. h3 Bc8 16. Kf2 Nd7 17. Nc4 Bf8 18. Re1 Nf6 19. g4 Be7 20. Kf3 h5 21. g5 Nh7 22. Kg2 Bd7 23. Be3 Rad8 24. a5 f6 25. gxf6 Bxf6 26. Nxd6 Bxc3 27. bxc3 Bxh3+ 28. Kxh3 Rxd6 29. Bxc5 Rf6 30. Kg3 g5 31. f5 h4+ 32. Kg4 Rh6 33. e5 h3 34. Bf2 Rc8 35. d6 Rc4+ 36. Bd4 Rh4+ 37. Kg3 Kf7 38. e6+ Ke8 39. d7+ 1-0

[Event "Quebec-ch Amateur U2000"]
[Site "Montreal"]
[Date "2014.10.12"]
[Round "5"]
[White "Mangahas, Ronald"]
[Black "Chevalier, Francois"]
[Result "1-0"]
[WhiteElo "1871"]
[BlackElo "1761"]
[PlyCount "127"]
[EventDate "2014.10.10"]
[EventType "swiss"]
[EventRounds "7"]
[EventCountry "CAN"]
[SourceTitle "EXT 2022"]
[Source "ChessBase"]
[SourceDate "2021.10.06"]
[SourceVersion "1"]
[SourceVersionDate "2021.10.06"]
[SourceQuality "1"]

1. e4 e6 2. d4 d5 3. exd5 exd5 4. Bf4 Bd6 5. Bxd6 Qxd6 6. Nc3 c6 7. Nf3 Bg4 8. Be2 Bxf3 9. Bxf3 Qe6+ 10. Ne2 Nf6 11. 0-0 0-0 12. Re1 Qd6 13. Ng3 Nbd7 14. Qd2 Rfe8 15. Nf5 Qf8 16. Qf4 Rxe1+ 17. Rxe1 Re8 18. Rxe8 Qxe8 19. Kf1 Nf8 20. Qc7 Qd7 21. Qxd7 N8xd7 22. Nd6 b6 23. Nc8 Kf8 24. Nxa7 c5 25. Nb5 Ke7 26. Ke2 cxd4 27. Nxd4 g6 28. b3 Kd6 29. Ke3 Kc5 30. c3 Ne5 31. Be2 Ne4 32. b4+ Kd6 33. Nb5+ Kc6 34. f3 Nf6 35. Kf4 Ned7 36. Kg5 h5 37. a4 Ne8 38. Nd4+ Kd6 39. Bb5 Kc7 40. g4 hxg4 41. fxg4 Nd6 42. Bd3 Ne5 43. Nb5+ Kc6 44. Nxd6 Kxd6 45. Be2 Ke6 46. h4 f6+ 47. Kf4 g5+ 48. hxg5 Ng6+ 49. Ke3 fxg5 50. a5 bxa5 51. bxa5 Kd6 52. a6 Kc6 53. Kd4 Nf4 54. Bf3 Kb6 55. Bxd5 Kxa6 56. Ke5 Kb6 57. Kd6 Nd3 58. c4 Nc5 59. Ke5 Nd3+ 60. Kf5 Nf4 61. Kxg5 Nxd5 62. cxd5 Kc5 63. Kf6 Kxd5 64. g5 1-0